00845 2200205 4500001002100000005001500021035002000036007000300056008004100059020001800100082001100118084001700129100002400146245006100170250001100231260003500242300002100277520032500298990001600623INLIS00000000000012920260520112726 a0010-0526000017ta260520 0 ind  a9786020759296 a297.64 a297.64 BUN p0 aBunda Ary Indriyani1 aPancaran Keimanan di Perang Badar /cBunda Ary Indriyani aCet. I aBandung :bCordoba Kids,cs.a. a21 hlm. :bIlus. aBuku anak Pancaran Keimanan di Perang Badar menceritakan perjuangan kaum Muslimin dalam Perang Badar dengan penuh keyakinan dan keteguhan iman. Disajikan dengan bahasa sederhana dan mudah dipahami anak, buku ini mengajarkan nilai keberanian, persatuan, kesabaran, ketaatan kepada Allah, serta semangat membela kebenaran. a00000000148